005700000a2200181000450024500890000065000270008965000170011665000110013365000170014465000290016165100300019065100200022065100220024004100140026270000280027610000320030477300520033610aDiagnóstico y zonificación preliminar de los manglares del Pacífico colombiano14aEcosistemas de manglar14aVegetación14aSuelos14aHidrología14aAspectos socioculturales 4dValle del CaucapColombia 4dCaucapColombia 4dChocópColombia0 aEspañol1 aAlvarez León, Ricardo1 aSánchez Páez, Heliodoro1 tMinisterio del Medio Ambiente31181q1-14d1997